Mastering Computers (Record no. 18859)

MARC details
000 -LEADER
fixed length control field 00341nam a2200145Ia 4500
008 - FIXED-LENGTH DATA ELEMENTS--GENERAL INFORMATION
fixed length control field 221030s9999 xx 000 0 und d
020 ## - INTERNATIONAL STANDARD BOOK NUMBER
ISBN 0333387147
041 ## - LANGUAGE CODE
Language code of text/sound track or separate title
100 ## - MAIN ENTRY--AUTHOR NAME
Personal name G. G. L. Wright
245 #0 - TITLE STATEMENT
Title Mastering Computers
Statement of responsibility, etc by G. G. L. Wright
260 ## - PUBLICATION, DISTRIBUTION, ETC. (IMPRINT)
Name of publisher -
Place of publication -
Year of publication 1985
300 ## - PHYSICAL DESCRIPTION
Number of Pages 227
650 ## - SUBJECT ADDED ENTRY--TOPICAL TERM
Topical Term BB Computer
942 ## - ADDED ENTRY ELEMENTS (KOHA)
Koha item type Books
Holdings
Accession Number Cost, normal purchase price Source of acquisition Price effective from Koha item type Withdrawn / writtenoff status Materials specified (bound volume or other part) Damaged status Not for loan Permanent Location Current Location Shelving location Date acquired Lost/ Missing status department
BB 1010 180.00 Donation 10/30/2022 Books   Print     MIET Library, Jammu MIET Library, Jammu BL-Academic Blcok B, FL-2, CUP-73, SH-2, R-2 02/01/2022   BB